00511nam a2200205Ia 450000100060000000300070000600800410001302000180005404000110007208000150008310000210009824500500011924500220016926000140019126000210020526000090022630000150023554100120025065300430026212555GE_BSU181216s||||||||xx |||||||||||||| ||und|| a9780521044837 cGE_BSU a581.6(470) aCzerepanov S. K. aVascular Plants of Russia and adjacent states b(The former USSR) aCambridge bUniversity Press c1995 a516p.28cm. h222Gel. aVascular Plants of Russia and adjacent